000 01132nam a2200277 i 4500
001 17474
003 ES-MaACL
005 20251012173222.0
007 t|
008 010312s2000 sp ||||1| spa d
020 _a84-88714-47-5
080 _a711.4.035(460.152 B.)
100 1 _aUnamuno, Miguel de,
_d1864-1936
_9111982
245 1 3 _aLa cuestión del Ensanche de Bilbao /
_cMiguel de Unamuno y Jugo, Pablo de Alzola y Minondo ; estudio introductorio y edición de José Ereño Altuna y Ana Isasi Saseta.
260 _aBilbao :
_b[Bilboko Udala, Kultura eta Turismo Saila = Ayuntamiento de Bilbao, Área de Cultura y Turismo],
_c2000.
300 _a249 p. ;
_c24 cm.
490 1 _aMonografías Bidebarrieta ;
_v5
651 4 _aBilbao-
_xPlanes urbanísticos-
_yS.XIX.
_97884
700 1 _aAlzola y Minondo, Pablo de,
_d1841-1912
_921064
700 1 _aEreño Altuna, José Antonio.
_947381
700 1 _aIsasi Saseta, Ana.
_965544
710 1 _aBilbao.
_bAyuntamiento.
_bArea de Cultura y Turismo.
_92222
830 1 _aMonografías Bidebarrieta ;
_v5
_9226429
852 _aES-MaACL
_jL-24300
999 _c17474
_d17474